[Event "TUN-chT"]
[Site "Hammamet"]
[Date "2019.03.09"]
[Round "4.2"]
[White "Zarrouk, Hamza"]
[Black "Mohammad, Nouali"]
[Result "0-1"]
[WhiteElo "1997"]
[BlackElo "2050"]
[PlyCount "108"]
[EventDate "2019.02.09"]
[EventType "team-tourn"]
[EventRounds "11"]
[EventCountry "TUN"]
[SourceTitle "CBM 190 Extra"]
[Source "ChessBase"]
[SourceDate "2019.07.15"]
[SourceVersion "1"]
[SourceVersionDate "2019.07.15"]
[SourceQuality "1"]
[WhiteTeam "Metouia"]
[BlackTeam "Temime Cavalier"]
[WhiteTeamCountry "TUN"]
[BlackTeamCountry "TUN"]

1. d4 d6 2. c4 e5 3. Nf3 Nc6 4. e3 e4 5. Nfd2 f5 6. Nc3 Nf6 7. Be2 Be7 8. a3 0-0 9. Qc2 Qe8 10. 0-0 Qg6 11. f3 exf3 12. Nxf3 Ne4 13. Bd3 Nxc3 14. Qxc3 Bd7 15. b4 Bf6 16. Bd2 Rae8 17. Qc2 Qh5 18. b5 Ne7 19. Rae1 g5 20. Bc3 g4 21. Nd2 Bg5 22. Rf2 Rf6 23. g3 d5 24. Nf1 c6 25. a4 Qf7 26. Bd2 Be6 27. c5 h5 28. Rb1 h4 29. a5 Bc8 30. a6 cxb5 31. Bxb5 Rf8 32. axb7 Bxb7 33. Bd3 Bc8 34. Qa2 a6 35. Rb8 hxg3 36. hxg3 Kg7 37. Rh2 Nc6 38. Rb6 a5 39. Bb5 Bd7 40. Qa4 Rc8 41. Bxa5 Ra8 42. Bxc6 Rxc6 43. Rb7 Rc7 44. Rxc7 Bxa4 45. Rxf7+ Kxf7 46. Bc7 Bd1 47. Rb2 Ra1 48. Kf2 Ra3 49. Be5 Bb3 50. c6 Ke6 51. c7 Kd7 52. Nd2 Bd1 53. Rb8 Rc3 54. Bf4 Bxf4 0-1

[Event "TUN-chT"]
[Site "Hammamet"]
[Date "2019.02.10"]
[Round "2.2"]
[White "Zarrouk, Hamza"]
[Black "Meftahi, Houssem"]
[Result "0-1"]
[WhiteElo "1997"]
[BlackElo "2030"]
[PlyCount "74"]
[EventDate "2019.02.09"]
[EventType "team-tourn"]
[EventRounds "11"]
[EventCountry "TUN"]
[SourceTitle "CBM 190 Extra"]
[Source "ChessBase"]
[SourceDate "2019.07.15"]
[SourceVersion "1"]
[SourceVersionDate "2019.07.15"]
[SourceQuality "1"]
[WhiteTeam "Metouia"]
[BlackTeam "Soliman"]
[WhiteTeamCountry "TUN"]
[BlackTeamCountry "TUN"]

1. d4 d5 2. c4 e6 3. Nc3 Nf6 4. e3 c6 5. Nf3 Nbd7 6. Bd3 dxc4 7. Bxc4 b5 8. Bd3 a6 9. Ne5 Bb7 10. Qf3 Nxe5 11. dxe5 Qxd3 12. exf6 0-0-0 13. Qe2 Qxe2+ 14. Kxe2 gxf6 15. Bd2 Rg8 16. g3 c5 17. Rhc1 Bc6 18. a3 f5 19. Nd1 Kb7 20. Ba5 Rd7 21. f3 e5 22. Rc2 Be7 23. Rac1 Rg6 24. Nf2 Re6 25. Nd3 Bxf3+ 26. Kxf3 e4+ 27. Kf4 exd3 28. Rg2 Rd5 29. Bd2 Bf6 30. Rb1 Re4+ 31. Kf3 Rc4 32. b4 Be7 33. Rb3 Rc2 34. bxc5 Bxc5 35. e4 fxe4+ 36. Kxe4 Kc6 37. Rxd3 f5+ 0-1